000 05241cam a22019094i 4500
003 PE-LiUPU
005 20250813165926.0
008 150706s2010 mx a rb 000 0 spa d
020 _a9786071503374
035 _a(Sirsi) i9786071503374
040 _aPE-LiUPU
_bspa
_cPE-LiUPU
_erda
049 _aPRUA
082 0 4 _a612.3
_bABCD
_221
245 0 3 _aEl ABCD de la evaluación del estado de nutrición /
_ceditoras Araceli Suverza Fernández, Karime Haua Navarro.
264 1 _aMexico D.F :
_bMcGraw-Hill Interamericana,
_c2010 .
300 _a332 páginas :
_bilustraciones ;
_c23 centímetros.
336 _atext
_2rdacontent
337 _aunmediated
_2rdamedia
338 _avolume
_2rdacarrier
490 0 _aMcGraw-Hill. Educación
504 _aIncluye referencias bibliografícas al final da cada capítulo.
505 0 _aIntroducción a la evaluación del estado de nutrición -- Recopilación de los datos relacionados con la nutrición -- Antropometría y composición corporal -- Tablas de referencia para la evaluación antropométrica -- Indicadores bioquímicos -- Evaluación de las condiciones clínicas relacionadas con el estado de nutrición -- Alimentación: estrategias de evaluación -- Evaluación del paciente hospitalizado -- Problemas del estado de nutrición vs. problemas médicos -- Mediciones antropométricas -- Estimación de requerimientos energéticos.
526 _aP203
526 _aP200
526 _aSEG65
526 _aSEG64
526 _aSEG63
526 _aSEG62
526 _aSEG61
526 _aSEG60
526 _aSEG59
526 _aSEG58
526 _aSEG57
526 _aSEG56
526 _aSEG55
526 _aSEG54
526 _aSEG53
526 _aSEG52
526 _aSEG51
526 _aSEG50
526 _aSEG49
526 _aSEG48
526 _aSEG47
526 _aSEG46
526 _aSEG24
526 _aSEG23
526 _aSEG22
526 _aSEG21
526 _aSEG20
526 _aSEG19
526 _aSEG18
526 _aSEG17
526 _aSEG16
526 _aSEG14
526 _aSEG13
526 _aSEG12
526 _aSEG11
526 _aSEG10
526 _aSEG09
526 _aSEG06
526 _aSEG05
526 _aSEG04
526 _aSEG03
526 _aSEG02
526 _aSEG68
526 _aSEG66
526 _aSEG45
526 _aSEG25
526 _aSEG01
526 _aP163
526 _aP162
526 _aP161
526 _aP160
526 _aP159
526 _aP158
526 _aP157
526 _aP156
526 _aP155
526 _aP154
526 _aP153
526 _aP152
526 _aP151
526 _aP150
526 _aP149
526 _aP142
526 _aP141
526 _aP140
526 _aP139
526 _aP138
526 _aP137
526 _aP132
526 _aP131
526 _aP130
526 _aP126
526 _aP125
526 _aP124
526 _aP123
526 _aP115
526 _aP122
526 _aP121
526 _aP116
526 _a P114
526 _aP112
526 _aP111
526 _aP104
526 _aP103
526 _aP102
526 _aP101
526 _aP100
526 _aP96
526 _aP95
526 _aP93
526 _aP92
526 _aP91
526 _aP88
526 _aP83
526 _aP82
526 _aP79
526 _aP78
526 _aP75
526 _aP74
526 _aP71
526 _aP69
526 _a P51
526 _aP49
526 _aP48
526 _aP47
526 _aP33
526 _aP31
526 _a P30
526 _aP29
526 _aP27
526 _aP26
526 _aP25
526 _aP24
526 _a P22
526 _aP10
526 _aP09
526 _a P08
526 _aP06
526 _aP05
526 _aP04
526 _aP01
541 _g001-0037418;
541 _g001-0037418;
650 1 4 _aNutrición
_xEvaluación
_vMetodología.
650 2 4 _aNutrición.
_9394
650 2 4 _aAntropometría.
650 2 4 _aTrastornos alimenticios.
650 2 4 _aNutrición infantil.
_92357
700 1 _aSavaeza Fernández, Araceli,
_eed.
700 1 _aHaua Navarro, Karime,
_eed.
700 1 _aGómez Simón, Isabel,
_ecolab.
910 _agl
_cng
_d20130626
942 _2ddc
_cBOOK
949 _a612.3 ABCD
_wDEWEY
_c1
_i67736
_lCCODEBUL1
_mBUL
_p20.00
_r0
_sY
_tBOOK
_u2015-7-6
_xSALUD
_PP31
_o.STAFF. Colección General
949 _a612.3 ABCD
_wDEWEY
_c2
_i67737
_lCCODEBUL1
_mBUL
_p20.00
_r0
_sY
_tBOOK
_u2015-7-6
_xSALUD
_PP31
_o.STAFF. Colección General
994 _aC0
_bPEPRU
596 _a1
999 _a612.3 ABCD
_wDEWEY
_c55297
_i67736
_d55297
_e2018-5-15
_f2021-11-3
_g5
_lCCODEBUL1
_mBUL
_n18
_p20.00
_q4
_r0
_sY
_tBOOK
_u2015-7-6
_xSALUD
_PP31
_0COMPRA
_o.STAFF. Colección Ciencias de la Salud
999 _a612.3 ABCD
_wDEWEY
_c2
_i67737
_d2018-11-26
_e2018-10-25
_f2021-11-3
_g5
_lCCODEBUL1
_mBUL
_n20
_p20.00
_q2
_r0
_sY
_tBOOK
_u2015-7-6
_xSALUD
_PP31
_0COMPRA
_o.STAFF. Colección General
980 _81
_gALBERTO SANCHEZ Responsable de Automatización